[Event "Montcada op-A 25th"]
[Site "Montcada"]
[Date "2017.06.27"]
[Round "2"]
[White "Gonzalez Cominelli, Alejo Gabriel"]
[Black "Soysal, Serkan"]
[Result "0-1"]
[WhiteElo "1925"]
[BlackElo "2370"]
[PlyCount "94"]
[EventDate "2017.06.26"]
[EventType "swiss"]
[EventRounds "9"]
[EventCountry "ESP"]
[SourceTitle "CBM 179 Extra"]
[Source "ChessBase"]
[SourceDate "2017.08.23"]
[SourceVersion "1"]
[SourceVersionDate "2017.08.23"]
[SourceQuality "1"]

1. c4 g6 2. Nc3 Bg7 3. g3 c5 4. Bg2 Nc6 5. e4 e6 6. Nge2 Nge7 7. 0-0 0-0 8. d3 d6 9. a3 b6 10. Rb1 Bb7 11. b4 Qd7 12. b5 Na5 13. Qc2 d5 14. Nd1 dxc4 15. dxc4 Rad8 16. Ne3 Qd3 17. Qxd3 Rxd3 18. Nf4 Rd7 19. Bb2 Bxb2 20. Rxb2 Rfd8 21. Rc2 Kg7 22. h4 h6 23. h5 g5 24. Ne2 Nc8 25. e5 Bxg2 26. Kxg2 Rd3 27. Rc3 Rd2 28. Kf3 Ne7 29. g4 R8d3 30. Rfc1 Nb3 31. Rxd3 Rxd3 32. Kg2 Nxc1 33. Nxc1 Rxa3 34. Ne2 f5 35. exf6+ Kxf6 36. Ng3 Ke5 37. Kf3 Nc8 38. Ne4 Nd6 39. Nxd6 Kxd6 40. Ke4 Ra2 41. f4 Rf2 42. f5 Rf4+ 43. Kd3 exf5 44. Nxf5+ Rxf5 45. gxf5 Ke5 46. f6 Kxf6 47. Ke4 Ke6 0-1

[Event "Mataro op 11th"]
[Site "Mataro"]
[Date "2014.11.15"]
[Round "8"]
[White "Gonzalez Cominelli, Alejo Gabriel"]
[Black "Maynat Anglas, Josep"]
[Result "1-0"]
[WhiteElo "1789"]
[BlackElo "1819"]
[PlyCount "97"]
[EventDate "2014.09.27"]
[EventType "swiss"]
[EventRounds "9"]
[EventCountry "ESP"]
[SourceTitle "EXT 2016"]
[Source "ChessBase"]
[SourceDate "2015.10.08"]
[SourceVersion "1"]
[SourceVersionDate "2015.10.08"]
[SourceQuality "1"]

1. c4 Nf6 2. Nc3 e6 3. g3 c6 4. e3 d5 5. b3 d4 6. exd4 Qxd4 7. Nf3 Qd8 8. d4 Bb4 9. Qc2 Ne4 10. Bd2 Nxd2 11. Qxd2 Qf6 12. Bg2 c5 13. Rc1 0-0 14. dxc5 Nc6 15. 0-0 Rd8 16. Qe3 Bxc3 17. Qxc3 Qxc3 18. Rxc3 Bd7 19. Rd1 Be8 20. Rcd3 Rxd3 21. Rxd3 f6 22. a3 Kf8 23. b4 Ke7 24. b5 Na5 25. Nd2 Rc8 26. Ne4 Nxc4 27. Nd6 Rd8 28. Bxb7 Bxb5 29. Rb3 a6 30. Nxb5 axb5 31. Ba6 Nd2 32. Rxb5 Nf3+ 33. Kg2 Ne5 34. Rb7+ Rd7 35. Rxd7+ Kxd7 36. Bb5+ Kc7 37. a4 Nc6 38. Kf3 Ne5+ 39. Ke4 Ng4 40. f3 f5+ 41. Kf4 Nxh2 42. g4 g5+ 43. Kg3 Nf1+ 44. Bxf1 Kc6 45. gxf5 exf5 46. Bd3 f4+ 47. Kg4 h6 48. Kh5 Kxc5 49. Kxh6 1-0

[Event "Mataro op 10th"]
[Site "Mataro"]
[Date "2013.11.16"]
[Round "7"]
[White "Gonzalez Cominelli, Alejo Gabriel"]
[Black "Giro Castellet, Esteve"]
[Result "1/2-1/2"]
[WhiteElo "1761"]
[BlackElo "1826"]
[PlyCount "49"]
[EventDate "2013.09.28"]
[EventType "swiss"]
[EventRounds "9"]
[EventCountry "ESP"]
[SourceTitle "EXT 2016"]
[Source "ChessBase"]
[SourceDate "2015.10.08"]
[SourceVersion "1"]
[SourceVersionDate "2015.10.08"]
[SourceQuality "1"]

1. c4 c5 2. Nc3 Nc6 3. g3 d6 4. Bg2 Nf6 5. e3 g6 6. Nge2 Bg7 7. 0-0 Bg4 8. h3 Bd7 9. d4 cxd4 10. Nxd4 Ne5 11. b3 Qc8 12. Kh2 h5 13. f4 Nc6 14. Bb2 0-0 15. Nce2 a6 16. Qd2 Rb8 17. Rac1 Re8 18. Rfe1 Qc7 19. Nc3 e6 20. Ba3 Rbd8 21. Ne4 Nxe4 22. Bxe4 Bf8 23. Bb2 Bg7 24. Ba3 Bf8 25. Bb2 1/2-1/2